000 00417nam a2200181Ia 4500
008 170705s9999 xx 000 0 und d
020 _a9780516245874
245 _aNatural disasters :
245 _bfloods /
245 _cby Luke Thompson.
260 _aNew York :
260 _bScholastic,
260 _c2000
300 _a48 pages :
300 _bcolor illustration ;
300 _c21cm.
500 _a820
999 _c337397
_d337397